| 000 | 00786nam a22002417a 4500 | ||
|---|---|---|---|
| 005 | 20170124110252.0 | ||
| 010 | _aB-227305 | ||
| 020 |
_c295.00 _a8180521435 |
||
| 035 | _aB-227305 | ||
| 037 | _bCen Lib/Ret | ||
| 040 |
_aDPL _bEN |
||
| 082 |
_a576 _bSHA |
||
| 100 |
_aSharma, Kanika _999845 |
||
| 245 |
_aManual of Microbiology : _btools & techniques / _cby Kanika Sharma |
||
| 250 | _a2nd ed. | ||
| 260 |
_aNew Delhi _bAne Books India |
||
| 270 |
_a4821, Parwana Bhawan, 24, Ansari Road, Daryaganj _bNew Delhi _e110002 |
||
| 300 |
_axiii,405p. : _c24cm(pbk) _bill. |
||
| 500 | _aIncludes index | ||
| 650 |
_aMicrobiological Techniques -- methods. _999846 |
||
| 650 |
_aMicrobiological Techniques -- instrumentation. _999847 |
||
| 942 |
_2ddc _cEN _h576 _mSHA |
||
| 999 |
_c135951 _d135951 |
||